| 000 | 00623nam a2200181 a 4500 | ||
|---|---|---|---|
| 001 | 000007849 | ||
| 005 | 20240229180118.0 | ||
| 008 | 090911s1999 dr ad 001 0 spa d | ||
| 040 | _aDO-SdBNP | ||
| 082 |
_axxxx _bR426m |
||
| 110 | 1 |
_aRepública Dominicana _bContraluria General de la República _921598 |
|
| 245 | 1 | 0 |
_aManual de operaciones de la auditoría gubernamental / _cprólogo Haivajoe NG. Cortiñas. |
| 260 |
_aSanto Domingo : _bCentenario, _c1999. |
||
| 300 |
_a482 p. : _bil.,gráf. ; _c23 cm. |
||
| 504 | _aIcluye bibliografía (p. 481-482) | ||
| 700 | 1 |
_aNg Cortiñas, Haivanjoe _epról. _921599 |
|
| 049 | _aBNPD | ||
| 999 |
_c7627 _d7627 |
||